[Event "Montreal CC-ch"]
[Site "Montreal"]
[Date "2014.06.15"]
[Round "4"]
[White "Millette, Sylvain"]
[Black "Perrault, Marc"]
[Result "1/2-1/2"]
[WhiteElo "1706"]
[BlackElo "1526"]
[PlyCount "66"]
[EventDate "2014.06.15"]
[EventType "swiss"]
[EventRounds "5"]
[EventCountry "CAN"]
[SourceTitle "EXT 2022"]
[Source "ChessBase"]
[SourceDate "2021.10.06"]
[SourceVersion "1"]
[SourceVersionDate "2021.10.06"]
[SourceQuality "1"]

1. Nf3 d5 2. g3 Bg4 3. Bg2 Nf6 4. d4 e6 5. c3 Bd6 6. Nbd2 0-0 7. 0-0 Nbd7 8. Re1 a5 9. e4 dxe4 10. Nxe4 Nxe4 11. Rxe4 Nf6 12. Bg5 Bf5 13. Re1 Bg4 14. Qb3 h6 15. Bxf6 Qxf6 16. Ne5 Bxe5 17. Rxe5 Bf3 18. Bxf3 Qxf3 19. Rae1 a4 20. Qb4 Ra6 21. Rb5 Rd8 22. Rxb7 e5 23. Rb8 Rxb8 24. Qxb8+ Kh7 25. dxe5 Rb6 26. Qxc7 Rxb2 27. Qc5 Rxa2 28. Qd4 Rc2 29. c4 a3 30. Rb1 a2 31. Rb3 Qe2 32. Qa1 Rb2 33. Kg2 Qe4+ 1/2-1/2

[Event "Montreal CC-ch"]
[Site "Montreal"]
[Date "2014.06.13"]
[Round "1"]
[White "Perrault, Marc"]
[Black "Lopez Linares, Lizandro Fernando"]
[Result "0-1"]
[WhiteElo "1526"]
[BlackElo "2189"]
[PlyCount "70"]
[EventDate "2014.06.15"]
[EventType "swiss"]
[EventRounds "5"]
[EventCountry "CAN"]
[SourceTitle "EXT 2022"]
[Source "ChessBase"]
[SourceDate "2021.10.06"]
[SourceVersion "1"]
[SourceVersionDate "2021.10.06"]
[SourceQuality "1"]

1. d4 Nf6 2. Nc3 d5 3. Bg5 e6 4. e4 Be7 5. e5 Nfd7 6. h4 c5 7. Bxe7 Kxe7 8. Nf3 Nc6 9. Bb5 a6 10. Bxc6 bxc6 11. dxc5 Qa5 12. Qd4 Qxc5 13. Qxc5+ Nxc5 14. Nd4 Bb7 15. Rh3 Nd7 16. f4 c5 17. Nf3 h5 18. Nd2 Rhd8 19. 0-0-0 Rac8 20. Nb3 d4 21. Ne2 Bxg2 22. Rg3 Be4 23. Na5 g6 24. Nc4 Ra8 25. Nd6 Bd5 26. c3 f6 27. cxd4 cxd4 28. Rxd4 fxe5 29. fxe5 Nxe5 30. Ne4 Rac8+ 31. Rc3 Nf3 32. Ra4 Nxh4 33. Nc5 Nf5 34. Nf4 g5 35. Nxh5 Rh8 0-1